00323nam a2200121Ia 45000030006000000080041000060400015000471000025000622450054000872600031001415460012001720050017001840STCL150530s9999 xx 000 0 und d aSTCLcSTCL aUniversity of Madras aHistory of higher education in South India Vol II bUniversity of Madrasc1957 aEnglish20220125165726.0